000 00472nam a2200193Ia 4500
005 20240913125537.0
008 240913s9999||||xx |||||||||||||| ||und||
020 _a978-81-904398-3-1
041 _aENGLISH
082 _A624.1042
100 _aNPCS Board of Consultants and Engineers
245 0 _aConstruction Materials
250 _a1st
260 _bNIIR,
_aNew Delhi
500 _aREFERENCE
650 _aConstruction
_bCivil
942 _cREF
999 _c245766
_d245766